header

Believing in Britain (Record no. 14660)

MARC details
000 -LEADER
fixed length control field 01255nam a2200325 a 4500
100 1# - MAIN ENTRY--AUTHOR NAME
Personal name Bradley, Ian C.
245 10 - TITLE STATEMENT
Title Believing in Britain
260 ## - PUBLICATION, DISTRIBUTION, ETC. (IMPRINT)
Place of publication London :
Name of publisher I.B. Tauris,
Year of publication 2007.
300 ## - PHYSICAL DESCRIPTION
Number of Pages 248 p.
650 #0 - SUBJECT ADDED ENTRY--TOPICAL TERM
Topical Term National characteristics, British.
Topical Term Group identity
Topical Term Ethnology
856 40 - ELECTRONIC LOCATION AND ACCESS
Uniform Resource Identifier http://site.ebrary.com/lib/rucke/Doc?id=10254896

No items available.

© 2026 Rongo University
Contact us: librarian | system librarian | Rongo university